| 000 | 00867cam a2200205 4500 | ||
|---|---|---|---|
| 001 | WB3712-46 | ||
| 008 | 000000n2001 000 0 eng u | ||
| 035 | _a(Sirsi) u111490 | ||
| 245 | _aWayleave payments to remain unchanged | ||
| 260 | _c2001 | ||
| 490 |
_aEstates and Wayleaves Committee Press Release _v16 March 2001, (4) |
||
| 520 | _aThe Estates and Wayleaves Forum has announced that electricity wayleave payments, made to compensate land occupiers for the interference caused by electricity apparatus, are to remain unchanged. Increases in the rates paid to owners were agreed earlier in the year and will apply from 1 April 2001 until 31 March 2005. | ||
| 590 | _aWB | ||
| 650 | _aELECTRICITY WAYLEAVES | ||
| 650 | _aWAYLEAVE PAYMENTS | ||
| 650 | _aWAYLEAVE RATES | ||
| 650 | _aWAYLEAVES | ||
| 690 | _aRURAL-FARM BUSINESS MANAGEMENT | ||
| 942 | _n0 | ||
| 999 |
_c66435 _d66435 |
||